000 00357nam a2200121Ia 4500
008 220216s9999 xx 000 0 und d
100 _aChasey Kent L
245 0 _aMethods for evaluating oil/polymer interactions in carbon black filled compounds
260 _bRubber World
_c1993
300 _a35-47
650 _aCarbon black filled compounds
942 _cJS
999 _c62868
_d62868